Paulo Freire: contribuciones para la pedagogía /

Kaydedildi:
Detaylı Bibliyografya
Yazar: Gadotti, Moacir
Diğer Yazarlar: Gomez, Margarita Victoria, Mafra, Jason, Fernandes de Alencar, Anderson
Materyal Türü: Metin
Baskı/Yayın Bilgisi: Buenos Aires: CLACSO
Konular:
Etiketler: Etiketle
Etiket eklenmemiş, İlk siz ekleyin!

MARC

LEADER 00000 a a2200000 04500
001 38030
003
040
020 |a 978-987-1183-81-4  
022 |a 978-987-1183-81-4  
090 |a 0003 G589p  
100 |a Gadotti, Moacir  
245 |a Paulo Freire: contribuciones para la pedagogía /  |c Moacir Gadotti 
260 |a Buenos Aires:   |b CLACSO  
300 |a 351 p.  
650 |a EDUCACION  
650 |a ENSEÑANZA SUPERIOR  
650 |a INSTITUCIONES FINANCIERAS  
650 |a AMERICA LATINA  
700 |a   
700 |a Gomez, Margarita Victoria  
700 |a   
700 |a Mafra, Jason  
700 |a   
700 |a Fernandes de Alencar, Anderson  
700 |a   
999 |c 13706  |d 13706